000 00806nam a22002057a 4500
005 20240905113103.0
010 _aENG-141648
020 _a9789393934642
_c800.00
035 _aEN-125180
037 _bDBAD
082 _a364.13230954
_21
100 _aAlok, Ashish
_971084
245 _aGood Governance in India:
_bE-Commerce, Origin, Concept and Challenges/
_cBy Ashish Alok [and] Forword By Tapan Kumar Shandiliya
250 _a1
260 _aNew Delhi
_bShandilya Publications
_c2024
270 _a760, Pocket-D, Lok Nayak Puram
_bNew Delhi
_e110041
_k9811966858
_k9560825474
_k9999770680
_mshandilyapublications@gmail.com
_mshandilyabooks@gmail.com
300 _axix,200p.
_c22cm(Hb)
700 _aShandiliya, Tapan Kumar
_eForword
_971085
942 _2ddc
_cEN
_mALO
_h364.13230954
_e1
999 _c205567
_d205567